000 00641nam a2200217Ia 4500
005 20250508170207.0
008 008 250505s9999 xx 000 0 eng d
020 _a978-1-032-46642-2
037 _aTextBook
040 _aFEDL
_beng
_cFEDL
041 _aeng
_2eng
084 _a370.954, RUP/R
_qFEDL
100 _aRupavath Ramdas Ed.
_9723304
245 0 _aPolitics of education in India:A perspective from below
260 _aAbingdon, USA
_bRoutledge
_c2023
300 _axviii, 233p.
365 _aINR
_b13
546 _aFirst South Asia edition, 2023
942 _cTB
_h370.954, RUP/R
999 _c1399717
_d1399717